മാ൪ക്സിസം ശാസ്ത്രമോ?/ (Record no. 352829)

MARC details
000 -LEADER
fixed length control field 01097nam a2200349 a 4500
001 - CONTROL NUMBER
control field vtls000392359
003 - CONTROL NUMBER IDENTIFIER
control field NLI
005 - DATE AND TIME OF LATEST TRANSACTION
control field 20210602195952.0
008 - FIXED-LENGTH DATA ELEMENTS--GENERAL INFORMATION
fixed length control field 110114s2007 ii g 000 0 mal d
020 ## - INTERNATIONAL STANDARD BOOK NUMBER
International Standard Book Number 8126414367
Terms of availability Rs.50.00
039 #9 - LEVEL OF BIBLIOGRAPHIC CONTROL AND CODING DETAIL [OBSOLETE]
-- 201101140114
-- VLOAD
040 ## - CATALOGING SOURCE
Original cataloging agency NLI :
Language of cataloging eng
Transcribing agency NLMARC21
044 ## - COUNTRY OF PUBLISHING/PRODUCING ENTITY CODE
MARC country code ii
082 04 - DEWEY DECIMAL CLASSIFICATION NUMBER
Classification number 335.4
Edition number 22nd
100 1# - MAIN ENTRY--PERSONAL NAME
Linkage 880-01
Personal name കേശവ൯ നായ൪,പി.
9 (RLIN) 97648
245 1# - TITLE STATEMENT
Linkage 880-02
Title മാ൪ക്സിസം ശാസ്ത്രമോ?/
Statement of responsibility, etc. പി.കേശവ൯ നായ൪
260 ## - PUBLICATION, DISTRIBUTION, ETC.
Place of publication, distribution, etc. കോട്ടയം :
Name of publisher, distributor, etc. ഡി.സി.ബുക്സ്,
Date of publication, distribution, etc. 2007
300 ## - PHYSICAL DESCRIPTION
Extent 95p;
Dimensions 21cm
500 ## - GENERAL NOTE
General note About Marxism
650 #0 - SUBJECT ADDED ENTRY--TOPICAL TERM
Topical term or geographic name entry element Marxism
9 (RLIN) 422430
700 1# - ADDED ENTRY--PERSONAL NAME
Linkage 880-03
880 11 - ALTERNATE GRAPHIC REPRESENTATION
Linkage 100-01/(B
a Keshavan Nayar,P
880 11 - ALTERNATE GRAPHIC REPRESENTATION
Linkage 245-02/(B
a Marxism shastramo?
c P.Keshavan Nayar
880 11 - ALTERNATE GRAPHIC REPRESENTATION
Linkage 700-03/(B
887 ## - NON-MARC INFORMATION FIELD
Content of non-MARC field L.D.
901 ## - LOCAL DATA ELEMENT A, LDA (RLIN)
a Mal 38803
b 21.08.07
902 ## - LOCAL DATA ELEMENT B, LDB (RLIN)
a Mal 335.4 K 9754 m
904 ## - LOCAL DATA ELEMENT D, LDD (RLIN)
a L.D.
942 ## - ADDED ENTRY ELEMENTS (KOHA)
Source of classification or shelving scheme Dewey Decimal Classification
Koha item type Books
949 ## - LOCAL PROCESSING INFORMATION (OCLC)
-- VIRTUAITEM
-- 10010
-- 100
6 DBA000038803MAL
a Mal 335.4 K 9794 m
Holdings
Withdrawn status Lost status Damaged status Not for loan Collection code Home library Current library Shelving location Date acquired Total Checkouts Full call number Barcode Date last seen Price effective from Koha item type
        Malayalam National Library of India National Library of India       Mal 335.4 K 9754 m DBA000038803MAL 02/06/2021 02/06/2021 Books
                                                                           
web counter

Copyright ©2020 The National Library of India, Govt. of India ↔ Hosted by NVLI, MOC ↔ Technology and Design by National Library of India, Ministry of Culture, Govt. of India